Keď benjamín je z najstarších

Bibliographic Details
Main Author: Bartovič, Gustáv (Author)
Format: Article
Language:Slovak
Subjects:

MARC

LEADER 00000nab a2200000 a 4500
001 vtls000247624
003 SK-MaSNL
005 20260302211013.0
008 111130c1986 xo 0 slo
015 |a SNBRB19rr/mm-uuuuu 
035 |a CL0257738 
040 |a SNKBUCL  |b slo  |c SNKBUCL  |e AACR2 
041 0 |a slo 
044 |a xo  |c SK 
080 |a 796.922.093.1  |2 1981 
100 1 |a Bartovič, Gustáv  |4 aut  |9 573620 
245 1 0 |a Keď benjamín je z najstarších  |c Gustáv Bartovič 
300 |b Obr. 11. 
611 2 7 |a Biela stopa SNP  |n (13. :  |d 1986 :  |c Kremnica a Banská Bystrica, Slovensko)  |2 snkbucl  |9 934742 
650 0 7 |a beh na lyžiach  |2 snkbucl  |9 3259 
655 7 |a články z novín a časopisov  |2 snkbucl  |9 267496 
773 0 |t Štart  |g Roč. 31, č. 8 (1986), s. 3-5 
850 |a Slovenská národná knižnica v Martine  |a MTA001 
852 |a SNK  |b KIS3GCP 
992 |a RBX 
999 |c 1484708  |d 1486638